Random Dutch words - Statistics

General Stats
  • This quiz has been taken 1,119 times
  • The average score is 13 of 16
Answer Stats
Dutch English % Correct
Melk Milk
98%
Auto Car
96%
Land Country
95%
Nacht Night
94%
Groen Green
93%
Twee Two
91%
Ananas Pineapple
90%
Brood Bread
89%
Kom Come
86%
Zaterdag Saturday
85%
Tafel Table
77%
Vergeten Forget
73%
Spel Game
71%
Doei Bye
69%
Lach Laugh
68%
Liefde Love
67%
No matching quizzes found
Score Distribution
Percent of People with Each Score
Percentile by Number Answered
Your Score History
You have not taken this quiz